000 00494nam a2200181Ia 4500
005 20250423101240.0
008 250422s9999 xx 000 0 und d
020 _a978-1-932099-85-0
050 _aBP 165.5 .G8513/
100 _aGulen, M. Fethullah
245 4 _aThe essentials of Islamic faith
260 _aNew York
260 _bTughra Books
260 _c2000
300 _a268 p
650 _aIslam -- Doctrines Islam -- Essence, genius, nature Islam -- Appreciation
942 _cBK
999 _c35741
_d35741